000 00888nam a2200217Ia 4500
001 2069
005 20260422141158.0
008 260306t1984||||xx |||||||||||||| ||spa||
041 _aESP
082 _a612
_bG98
100 _aGuyton, Arthur C.
_eAUT
245 0 _aFisiología humana
260 _c1984
300 _aviii, 490 páginas :
_c25 cm.
650 _aGEN
654 _aCPS
856 _uhttps://0u216xhg7-y-https-accessmedicina-mhmedical-com.itmsp.museknowledge.com/book.aspx?bookid=3482
_zVéase además: Vander. Fisiología renal. Versión digital
856 _uhttps://0u216xhg7-y-https-accessmedicina-mhmedical-com.itmsp.museknowledge.com/
_zVéase además: Base de datos McGraw Hill Access Medicina
856 _uhttps://0u23fxi84-y-https-www-clinicalkey-com.itmsp.museknowledge.com/student/login
_zVéase además: Base de datos ClinicalKey
942 _cLIB
_dJUS
_fJUS
_2ddc
999 _c2069
_d2069